000 00847cam a2200277 a 4500
001 1613
003 BD-RjUL
005 20211208233354.0
008 940615s1994 at a b 000 0 eng
020 _a0731516958
035 _a(BD-RjUL)1640
040 _aBD-RjUL
_beng
_cBD-RjUL
041 _aeng
082 _219
_a304.6
_bBEG 1994
245 0 0 _aBeginning population studies /
_cDavid Lucas & Paul Meyer (editors).
250 _a2nd ed.
260 _aCanberra :
_bNational Centre for Development Studies, Australian National University,
_cc1994.
300 _axv, 199 p. :
_bill. ;
_c25 cm.
504 _aBibliographical references: p. 187-190
650 0 _aDemography.
_95331
650 0 _aPopulation
_95332
700 1 _aLucas, David,
_d1938-.
_95333
700 1 _aMeyer, Paul.
_95334
700 1 _aWilson, Tikka.
_95335
942 _2ddc
_cBK
999 _c1613
_d1613